Proceso contencioso de don Diego de Tejeda Pimentel con Doña Ana de Tejeda, sobre la dote y arras de Doña Francisca de Estrada, abuela de Doña Ana, con los intereses que debe cumplir don Diego de Tejeda

Detalles Bibliográficos
Otros Autores: don Diego de Tejeda Pimentel
Formato: Libro
Publicado: s.l., s.f.
Materias:
Colección:Banco de datos
Acervo:Biblioteca Palafoxiana. Colección de Manuscritos
Descripción Física:3 f. ; 29 x 20 cm.
Tema general:Eclesiástica
LEADER 00555nam a22001450004500
035 |a 828 
245 1 0 |a Proceso contencioso de don Diego de Tejeda Pimentel con Doña Ana de Tejeda, sobre la dote y arras de Doña Francisca de Estrada, abuela de Doña Ana, con los intereses que debe cumplir don Diego de Tejeda 
260 |a s.l., s.f. 
300 |a 3 f. ; 29 x 20 cm. 
650 1 0 |a Eclesiástica 
700 1 |a don Diego de Tejeda Pimentel 
949 |a 19679/036 
942 |c PALAMANU 
943 |g Biblioteca Palafoxiana. Colección de Manuscritos 
999 |c 1068773  |d 1068773